000 00682cam a22002413a 4500
001 760
003 PGUSA
005 20140828082952.0
008 961201s1996||||xxu|||||s|||||000 | eng d
040 _aPGUSA
_beng
042 _adc
050 4 _aPR
100 1 _aBeerbohm, Max,
_cSir,
_d1872-1956
245 1 0 _aEnoch Soames :
_bA Memory of the Eighteen-Nineties
_h[electronic resource] /
_cMax, Beerbohm
260 _bProject Gutenberg,
_c1996
506 _aPublic domain in the USA.
516 _aElectronic text
653 _aCharacter sketches
653 _aShort stories
830 0 _aProject Gutenberg
_v760
856 4 0 _uhttp://www.gutenberg.org/ebooks/760
942 _cEB
999 _c230111
_d230111